000 00768cam a22002177a 4500
005 20220329142449.0
008 010328d1999 nl r 00110 eng d
010 _a83844
011 _a84816
020 _a8429151532
035 _a95342
245 0 0 _aCrop yield response to deficit irrigation :
_breport of an FAO/AEA co-ordinated research program by using nucleas techniques
_c/por S.L. Salas y Einar Hille
260 _aDordrecht :
_bKluwer academic,
_c1999.
300 _a258 p.
490 0 _aDevelopments in plant and soil sciences
_v; 84
590 _aBATCH-UPD
_b10
_c20130110
_lUCH01
_h2007
590 _aCONVERSION
_b10
_c20130109
_lUCH01
_h1347
830 0 _aDevelopments in plant and soil sciences
_v; 84
_932288
901 _aBK
905 _aLilia Sánchez G.
999 _c83844
_d83844